Loading...
| Science - Biology | 0 | 4 | 3 | 0 | 25 | 39 | 73.25 | 3 | 4 |
| Religion | 0 | 2 | 0 | 0 | 20 | 108 | 117.00 | 1 | 2 |
| Science - Chemistry | 0 | 3 | 3 | 0 | 15 | 74 | 80.67 | 1 | 3 |
| Mythology | 0 | 1 | 0 | 0 | 10 | 48 | 48.00 | 1 | 1 |
| Fine Arts - Classical Music | 0 | 1 | 0 | 0 | 10 | 77 | 77.00 | 0 | 1 |
| Fine Arts - Visual Fine Arts | 0 | 1 | 0 | 0 | 10 | 75 | 75.00 | 1 | 1 |
| Literature - American Literature | 0 | 1 | 0 | 0 | 10 | 66 | 66.00 | 1 | 1 |
| Science - Physics | 0 | 1 | 0 | 0 | 10 | 104 | 104.00 | 0 | 1 |
| Fine Arts - Other Fine Arts | 0 | 1 | 1 | 0 | 5 | 120 | 120.00 | 0 | 1 |
| Literature - British Literature | 0 | 0 | 1 | 0 | -5 | 0.00 | 0 | 0 | |
| Science - Other Science | 0 | 0 | 1 | 0 | -5 | 0.00 | 0 | 0 | |
| Philosophy | 0 | 0 | 1 | 0 | -5 | 0.00 | 0 | 0 |